[Event "Chigorin Mem Classic Open"]
[Site "St Petersburg RUS"]
[Date "2010.10.28"]
[Round "1"]
[White "Minina,V"]
[Black "Klimov,S"]
[Result "0-1"]
[WhiteElo "2147"]
[BlackElo "2506"]

1.Nf3 g6 2.g3 Bg7 3.d4 Nf6 4.c4 O-O 5.Bg2 d6 6.O-O Nc6 7.d5 Na5 8.Nfd2 c6
9.a3 cxd5 10.cxd5 Nd7 11.Ra2 Ne5 12.b4 Nac4 13.Nxc4 Nxc4 14.Qb3 b5 15.Nc3 a6
16.Rd1 Bd7 17.e3 Qb6 18.Ne4 Rfc8 19.Nd2 Rc7 20.Bf1 Rac8 21.Rc2 Bg4 22.f3 Nxe3  0-1

[Event "Chigorin Mem Classic Open"]
[Site "St Petersburg RUS"]
[Date "2010.10.28"]
[Round "1"]
[White "Airapetian,G"]
[Black "Gantsevich,A"]
[Result "1-0"]
[WhiteElo "2451"]
[BlackElo "2071"]

1.d4 Nf6 2.Nf3 g6 3.c4 Bg7 4.g3 d6 5.Bg2 O-O 6.Nc3 Nbd7 7.O-O e5 8.h3 c6
9.e4 Qb6 10.Re1 exd4 11.Nxd4 Re8 12.Re2 Nxe4 13.Nxe4 Bxd4 14.Nxd6 Rxe2 15.Qxe2 Nf6
16.Bg5 Be6 17.Rd1 Rd8 18.Bf3 Rxd6 19.Bxf6 Rd7 20.Bg5 Qxb2 21.Rd2 Qc1+ 22.Kh2 Qxc4
23.Qe4 c5 24.Qf4 Qc3 25.Bh6 Rd8 26.Qc7 Rc8 27.Qxb7 a5 28.Re2 Be5 29.Rd2 Bd4
30.Bd5 Qb4 31.Qa6 Bxf2 32.Rxf2 Qd4 33.Rd2 Qe5 34.Bxe6 Qxe6 35.Qxe6 fxe6 36.Kg2 Kf7
37.Kf3 Kf6 38.Ke4 Rb8 39.Rf2+ Ke7 40.Bg5+ Kd7 41.Rf7+ Kc6 42.Rxh7 Rb2 43.Re7 Re2+
44.Be3 Kd6 45.Rg7 Rxa2 46.Bf4+ Kc6 47.Rxg6 Re2+ 48.Kd3 Re1 49.Bd2 Ra1 50.Rxe6+  1-0

[Event "14th OIBM"]
[Site "Bad Wiessee GER"]
[Date "2010.10.30"]
[Round "1.20"]
[White "Naumann,Al"]
[Black "Walinga,E"]
[Result "1-0"]
[WhiteElo "2544"]
[BlackElo "2002"]

1.d4 Nf6 2.c4 g6 3.g3 Bg7 4.Bg2 d6 5.Nf3 O-O 6.O-O a6 7.Nc3 Nc6 8.Qd3 e5
9.dxe5 dxe5 10.Qxd8 Rxd8 11.Bg5 Re8 12.Rfd1 h6 13.Bxf6 Bxf6 14.Nd2 Nd4 15.c5 Rb8
16.Rac1 Kg7 17.e3 Ne6 18.c6 Rd8 19.cxb7 Bxb7 20.Bxb7 Rxb7 21.Nc4 Rxd1+ 22.Rxd1 Nc5
23.Rd5 Be7 24.Rxe5 c6 25.Ne4 Nd3 26.Ra5 Nxb2 27.Nxb2 Rxb2 28.Rxa6 Rc2 29.g4 c5
30.Kg2 c4 31.Rc6 Bb4 32.h4 c3 33.a3 Bxa3 34.Rxc3 Ra2 35.Rc7 Bb4 36.g5 h5
37.Rb7 Bf8 38.Nf6 Rc2 39.Rb8 Rd2 40.e4 Ra2 41.e5 Ra6 42.f4 Ra2+ 43.Kf3 Ra3+
44.Ke2 Ra6 45.Kd3 Ra3+ 46.Kc2 Ra2+ 47.Kb3 Ra3+ 48.Kb2 Ra7 49.Rc8 Rb7+ 50.Kc2 Ra7
51.f5 gxf5 52.Nxh5+ Kg6 53.Nf6  1-0

[Event "Chigorin Mem Classic Open"]
[Site "St Petersburg RUS"]
[Date "2010.10.30"]
[Round "3"]
[White "Valov,I"]
[Black "Klimov,S"]
[Result "0-1"]
[WhiteElo "2239"]
[BlackElo "2506"]

1.d4 Nf6 2.Nf3 g6 3.g3 Bg7 4.Bg2 O-O 5.c4 d6 6.O-O Nc6 7.Nc3 a6 8.b3 Rb8
9.a4 a5 10.d5 Nb4 11.Nd4 Nd7 12.Rb1 Nc5 13.Bg5 Qd7 14.Qd2 e5 15.dxe6 fxe6
16.Bh6 Bxh6 17.Qxh6 e5 18.Nf3 Qg7 19.Qxg7+ Kxg7 20.Ng5 Bf5 21.Nge4 Nxe4 22.Bxe4 c6
23.Rbd1 Rbd8 24.Rd2 Kf6 25.Rfd1 Ke7 26.Kg2 Na6 27.Rb1 Nc5 28.Bxf5 gxf5 29.Na2 Rd7
30.Nc1 d5 31.cxd5 Rxd5 32.Rxd5 cxd5 33.b4 axb4 34.Rxb4 Kd6 35.Rh4 d4 36.Nd3 Nxa4
37.Rxh7 b5 38.Rh6+ Kd5 39.Nb4+ Kc4 40.Nc6 e4 41.Ne5+ Kd5 42.Ng6 Re8 43.Nf4+ Kc5
44.Rh5 b4 45.Rxf5+ Kc4 46.Rf7 b3 47.Rb7 Nc5 48.Rb6 d3 49.exd3+ exd3 50.Nxd3 Nxd3  0-1

[Event "Chigorin Mem Classic Open"]
[Site "St Petersburg RUS"]
[Date "2010.10.30"]
[Round "3"]
[White "Jumabayev,R"]
[Black "Serov,M"]
[Result "1-0"]
[WhiteElo "2547"]
[BlackElo "2375"]

1.d4 Nf6 2.c4 g6 3.Nf3 Bg7 4.g3 O-O 5.Bg2 d6 6.O-O c6 7.Nc3 Bf5 8.Nh4 Be6
9.Qd3 d5 10.cxd5 cxd5 11.f4 Ne4 12.Nxe4 dxe4 13.Qxe4 Na6 14.d5 Bg4 15.f5 Qb6+
16.Be3 Qb4 17.d6 exd6 18.f6 Bh8 19.Qxb7 Rae8 20.Bh6 Bxe2 21.Rf2 Qxb7 22.Bxb7 Nc5
23.Bc6 Rc8 24.Bxf8 Kxf8 25.Rxe2 Rxc6 26.Rf1 Nd7 27.Re7 Rc7 28.Kh1 d5 29.g4 g5
30.Rfe1  1-0

[Event "14th OIBM"]
[Site "Bad Wiessee GER"]
[Date "2010.11.01"]
[Round "4.26"]
[White "Kindermann,S"]
[Black "Delitzsch,J"]
[Result "1/2-1/2"]
[WhiteElo "2526"]
[BlackElo "2222"]

1.d4 Nf6 2.c4 g6 3.Nf3 Bg7 4.g3 O-O 5.Bg2 d6 6.O-O Nbd7 7.Nc3 e5 8.e4 c6
9.h3 Qb6 10.Re1 exd4 11.Nxd4 Re8 12.Re2 Nc5 13.Nb3 Be6 14.Nd2  1/2-1/2

[Event "Chigorin Mem Classic Open"]
[Site "St Petersburg RUS"]
[Date "2010.11.01"]
[Round "5"]
[White "Demina,J"]
[Black "Menkov,Aleksandr"]
[Result "1/2-1/2"]
[WhiteElo "2336"]
[BlackElo "2149"]

1.d4 Nf6 2.Nf3 g6 3.g3 Bg7 4.Bg2 O-O 5.c4 d6 6.O-O Nc6 7.Nc3 a6 8.d5 Na5
9.Nd2 c5 10.Qc2 Rb8 11.Rb1 b5 12.cxb5 axb5 13.b4 cxb4 14.Rxb4 Qc7 15.Bb2 Bf5
16.Qc1 Qc5 17.a3 Rfc8 18.e4 Bd7 19.h3 Bh6 20.Ncb1 Nc4 21.Qd1 Bxd2 22.Nxd2 Nxb2
23.Rxb2 Qxa3 24.Qb3 Qc5 25.Rfb1 Be8 26.Bf1 Nd7 27.Qb4 Qa7 28.Nf3 Nb6 29.Qd4 Qa3
30.Rb3 Qc5 31.Bxb5 Nd7 32.Bc6 Rxb3 33.Rxb3 Ne5 34.Qxc5 Nxf3+ 35.Rxf3 dxc5
36.Bxe8 Rxe8 37.Rc3 Rc8 38.Kf1 e6 39.Ke2 exd5 40.exd5 Kf8 41.Kd3 Ke7 42.Kc4 f5
43.Ra3 Rc7 44.Ra6 Kd7 45.Rf6 Rc8 46.h4 Ke7 47.Ra6 f4 48.g4 Rb8 49.Re6+ Kd7
50.Rf6 Rb2 51.f3 Rc2+ 52.Kd3 Rc1 53.g5 Rh1 54.Kc4 Rc1+ 55.Kd3  1/2-1/2

[Event "TCh-CHN"]
[Site "Beijing CHN"]
[Date "2010.11.02"]
[Round "16"]
[White "Wu Shaobin"]
[Black "Lu Yijie"]
[Result "0-1"]
[WhiteElo "2453"]
[BlackElo "2349"]

1.d4 Nf6 2.c4 g6 3.Nf3 Bg7 4.g3 O-O 5.Bg2 d6 6.Nc3 Nc6 7.O-O Rb8 8.h3 a6
9.e4 b5 10.e5 dxe5 11.dxe5 Qxd1 12.Rxd1 Nd7 13.cxb5 axb5 14.Be3 b4 15.Nd5 e6
16.Nxc7 Ncxe5 17.Nd4 Bb7 18.Rac1 Nb6 19.b3 Rfc8 20.Bxb7 Rxb7 21.Ndb5 Bf8
22.f4 Ned7 23.Kf2 Nf6 24.Bd4 Ne8 25.Nxe8 Rxe8 26.Be5 Ra8 27.Rd2 f6 28.Ba1 Nd5
29.Nd4 Kf7 30.Ne2 Be7 31.Kf3 h5 32.Bd4 Rd7 33.Rcc2 Rad8 34.Ba1 g5 35.fxg5 fxg5
36.Be5 g4+ 37.hxg4 hxg4+ 38.Kf2 Bg5 39.Nf4 Bxf4 40.Bxf4 Kg6 41.Re2 Nxf4 42.gxf4 Kf5
43.Re5+ Kxf4 44.Rxe6 Rd2+ 45.Re2 g3+ 46.Kg2 Rxe2+ 47.Rxe2 Rh8 48.Kg1 Rh2
49.Re8 Rxa2 50.Rf8+ Ke3 51.Rg8 Kd3 52.Rxg3+ Kc2 53.Kf1 Rb2 54.Ke2 Rxb3 55.Rg4 Rb1
56.Rc4+ Kb3 57.Rc8 Kb2 58.Kd2 b3 59.Rb8 Rh1 60.Rb7 Rh4 61.Rd7 Rh2+ 62.Kd1 Ka1
63.Ra7+ Ra2  0-1

[Event "Chigorin Mem Classic Open"]
[Site "St Petersburg RUS"]
[Date "2010.11.02"]
[Round "6"]
[White "Lafuente,P"]
[Black "Agaragimov,D"]
[Result "1-0"]
[WhiteElo "2565"]
[BlackElo "2333"]

1.d4 Nf6 2.c4 g6 3.Nf3 Bg7 4.g3 O-O 5.Bg2 d6 6.Nc3 Nc6 7.O-O a6 8.Re1 Re8
9.Rb1 Bf5 10.e4 Bg4 11.Qd3 Nd7 12.Be3 Bxf3 13.Bxf3 e5 14.d5 Nd4 15.Bg2 c5
16.dxc6 bxc6 17.b4 Nf8 18.f4 Nfe6 19.f5 Ng5 20.Rf1 gxf5 21.exf5 h6 22.Qd2 Kh8
23.Rf2 Rg8 24.Rbf1 Bf6 25.Kh1 Rb8 26.a3 c5 27.Nd5 Rc8 28.Qd3 Re8 29.Qd1 cxb4
30.axb4 Rxc4 31.Qh5 Nc2 32.Bb6  1-0

[Event "Chigorin Mem Classic Open"]
[Site "St Petersburg RUS"]
[Date "2010.11.02"]
[Round "6"]
[White "Minina,V"]
[Black "Pischikov,V"]
[Result "1-0"]
[WhiteElo "2147"]
[BlackElo "2041"]

1.Nf3 Nf6 2.g3 g6 3.Bg2 Bg7 4.c4 d6 5.d4 O-O 6.O-O Nc6 7.Nc3 a6 8.b3 Rb8
9.a4 e5 10.Bb2 e4 11.Ne1 Re8 12.e3 Bg4 13.Qb1 Qd7 14.Nxe4 Nxe4 15.Bxe4 Be2
16.Bg2 b5 17.cxb5 axb5 18.Qc2 Nxd4 19.Bxd4 Bxd4 20.exd4 bxa4 21.bxa4 Qg4
22.Qc3 c5 23.Nc2 Bxf1 24.Bxf1 Rec8 25.a5 Qd7 26.Ne3 Qa7 27.dxc5 Rxc5 28.Qd4 Ra8
29.a6 Rc6 30.Qe4 Rc5 31.Nd5 f5 32.Qe6+ Qf7 33.Qxf7+ Kxf7 34.a7 Rxd5 35.Bc4 Ke6
36.Ra5  1-0

[Event "Chigorin Mem Classic Open"]
[Site "St Petersburg RUS"]
[Date "2010.11.03"]
[Round "7"]
[White "Sanzhaev,D"]
[Black "Utkin,Alek"]
[Result "1/2-1/2"]
[WhiteElo "2151"]
[BlackElo "2328"]

1.d4 g6 2.c4 Bg7 3.Nf3 d6 4.g3 Nf6 5.Bg2 O-O 6.O-O Nbd7 7.Nc3 e5 8.e4 c6
9.h3 a5 10.Re1 exd4 11.Nxd4 Re8 12.Rb1 Nc5 13.b3 Nfd7 14.Be3 Ne5 15.Qc2 Ned3
16.Red1 Nb4 17.Qe2 Qe7 18.a3 Nba6 19.Qd2 Nd7 20.Nde2 Ne5 21.f4 Nd7 22.Bf2 Nc7
23.b4 axb4 24.axb4 Bf8 25.Nd4 Ne6 26.Nde2 Nc7 27.Re1 h5 28.Rbd1 Qe6 29.Qd3 Qe7
30.Kh2 Kh7 31.Ra1 Na6 32.Rab1 Bg7 33.Nd4 Qf6 34.Kg1 h4 35.Nde2 hxg3 36.Qxg3 Qe6
37.Nd4 Qe7 38.b5 Nab8 39.Ra1 Rxa1 40.Rxa1 c5 41.Nde2 Nb6 42.Rd1 Be6 43.Nd5 Bxd5
44.cxd5 N8d7 45.Qd3 Kg8 46.Ng3 Qf6 47.Ne2 Ra8 48.Qc2 Ra1 49.Rxa1 Qxa1+ 50.Kh2 Qa5
51.e5 dxe5 52.f5 Qxb5 53.fxg6 fxg6 54.Ng3 Nf8 55.Qxc5 Qxc5 56.Bxc5 Nbd7 57.Bb4 b6
58.Ne4 Nf6 59.Nxf6+ Bxf6 60.Be4 Kf7 61.Bxf8 Kxf8 62.Bxg6 Ke7 63.Kg3 Kd6 64.Be4 Kc5
65.Kg4 Kd4 66.Kf5 Bh4 67.d6 b5 68.d7 Bd8 69.Bb1 b4 70.Bc2 Kc3 71.Ba4 Kd4  1/2-1/2

[Event "Chigorin Mem Classic Open"]
[Site "St Petersburg RUS"]
[Date "2010.11.04"]
[Round "8"]
[White "Minina,V"]
[Black "Ivanov,Sergei V."]
[Result "0-1"]
[WhiteElo "2147"]
[BlackElo "2042"]

1.Nf3 Nf6 2.g3 g6 3.Bg2 Bg7 4.c4 d6 5.d4 O-O 6.O-O Nc6 7.Nc3 e5 8.d5 Ne7
9.e4 Ne8 10.Ne1 f5 11.Nd3 Nf6 12.Re1 fxe4 13.Nxe4 Nxe4 14.Bxe4 Bf5 15.Qe2 Qd7
16.Bd2 Rae8 17.Bc3 Bh6 18.Qc2 Rf7 19.Qb3 c6 20.Qc2 Ref8 21.Bxe5 Bxe4 22.Rxe4 Qf5
23.Rae1 dxe5 24.Rxe5 Qd7 25.Nc5 Qc7  0-1

[Event "Chigorin Mem Classic Open"]
[Site "St Petersburg RUS"]
[Date "2010.11.05"]
[Round "9"]
[White "Demina,J"]
[Black "Gorovykh,E"]
[Result "1/2-1/2"]
[WhiteElo "2336"]
[BlackElo "2447"]

1.d4 Nf6 2.Nf3 g6 3.g3 Bg7 4.Bg2 O-O 5.c4 d6 6.O-O Nc6 7.Nc3 Bf5 8.d5 Na5
9.Nd4 Bd7 10.Qd3 Ng4 11.f4 c5 12.Nc2 b5 13.Nxb5 Bxb5 14.cxb5 c4 15.Qf3 Qb6+
16.Kh1 Nf6 17.Na3 Nd7 18.Rb1 a6 19.bxa6 Qxa6 20.Bd2 Rfb8 21.Bc3 Bxc3 22.Qxc3 Nc5
23.Rfc1 Ra7 24.Nxc4 Nxc4 25.Qxc4 Qxc4 26.Rxc4 Rxa2 27.Rc2 Na4 28.Kg1 Kg7
29.e4 Nxb2 30.Rc7 Kf8  1/2-1/2

[Event "Chigorin Mem Classic Open"]
[Site "St Petersburg RUS"]
[Date "2010.11.05"]
[Round "9"]
[White "Sanzhaev,D"]
[Black "Agaragimov,D"]
[Result "1-0"]
[WhiteElo "2151"]
[BlackElo "2333"]

1.d4 d6 2.Nf3 Nf6 3.c4 g6 4.g3 Bg7 5.Bg2 O-O 6.O-O Nc6 7.Nc3 a6 8.d5 Na5
9.Nd2 c5 10.Qc2 Rb8 11.b3 b5 12.Rb1 e6 13.Bb2 e5 14.e4 h5 15.Ne2 Bg4 16.f3 Bd7
17.Qd3 h4 18.f4 hxg3 19.hxg3 Ng4 20.Bc3 Bh6 21.Bf3 exf4 22.Bxg4 Bxg4 23.gxf4 b4
24.Bb2 Qh4 25.Qg3 Qh5 26.Rf2 Bxe2 27.Rh2 Kh7 28.Rxh5 gxh5 29.Kf2 Rg8 30.Qe3 Bg4
31.e5 dxe5 32.Bxe5 Rbe8 33.Ne4 Rg6 34.Qd3 Bf5 35.Rg1 Bxf4 36.Bxf4 Rxe4 37.Qf3 Rg4
38.Bc7 Kg6 39.Bxa5 Rd4 40.Rxg4+ hxg4 41.Qe3 Rd3 42.Qxc5 g3+ 43.Ke2 g2 44.Bxb4 Rh3
45.Qd6+ f6 46.Bc5  1-0

[Event "TCh-NOR Attack-serien 2010-11"]
[Site "Oslo NOR"]
[Date "2010.11.06"]
[Round "2"]
[White "Evensen,T"]
[Black "Haugli,P"]
[Result "0-1"]
[WhiteElo "2099"]
[BlackElo "2295"]

1.d4 Nf6 2.Nf3 g6 3.c4 Bg7 4.g3 O-O 5.Bg2 d6 6.O-O Nc6 7.Nc3 a6 8.b3 Rb8
9.Bb2 b5 10.cxb5 axb5 11.Rc1 b4 12.Na4 Na7 13.Qc2 c6 14.e4 Ba6 15.Rfe1 Bb5
16.Ba1 Qa5 17.Nd2 Nc8 18.Nc4 Qa6 19.d5 cxd5 20.exd5 Ra8 21.Qd2 Bxa4 22.bxa4 Qxa4
23.Rc2 b3 24.axb3 Qxb3 25.Ne3 Bh6 26.Bd4 Ng4 27.Qd1 Nxe3 28.Bxe3 Bxe3 29.Rxe3 Ra1
30.Qxa1 Qxc2 31.Re4 Qc7 32.Qe1 Re8 33.Qe3 Nb6 34.Rh4 Nd7 35.Ra4 Qc5 36.Qd2 Rc8
37.Ra1 Nf6 38.h4 Kg7 39.Re1 Rc7 40.Bf3 h5 41.Kg2 Qc4 42.Qb2 Kh7 43.Qd2 Ra7
44.Qe3 Rb7 45.Qd2 Kg7 46.Rc1 Qb3 47.Re1 Rc7 48.Qd4 Rc3 49.Rb1 Rd3 50.Qa1 Qc3
51.Qxc3 Rxc3 52.Rb7 Ng8 53.Rb4 Rc1 54.Re4 Kf8 55.Ra4 Re1 56.g4 hxg4 57.Bxg4 Nf6
58.Bf3 Re5 59.Ra5 Kg7 60.Rb5 Nh5 61.Ra5 Kf6 62.Rb5 Nf4+ 63.Kg3 Ne2+ 64.Kg4 Nd4
65.Ra5 Nxf3 66.Kxf3 e6 67.Ra7 Rxd5 68.Kg3 Rd3+ 69.f3 d5 70.Kg4 Rd4+ 71.Kg3 Rb4
72.Rc7 Rc4 73.Rb7 Rc6 74.Rd7 Rc8 75.Ra7 Re8 76.Rb7 Re7 77.Rb6 Rd7 78.Kf4 Ra7
79.Rb8 Ra4+ 80.Kg3 Kf5 81.Rb7 f6 82.Rc7 e5 83.Rd7 d4 84.Rd6 Ra3 85.Rd5 Ke6
86.Rd8 Ra5 87.Re8+ Kf7 88.Rd8 Ke7 89.Rg8 d3 90.Kf2 d2 91.Ke2 Rd5 92.Kd1 Kf7
93.Rh8 Ke6 94.h5 gxh5 95.Rxh5 Rd3 96.Rh2 Kf5 97.Rh4 Rxf3 98.Kxd2 Rf4 99.Rh8 Ra4
100.Rb8 Kf4 101.Ke2 Ra2+ 102.Ke1 f5 103.Rb4+ e4 104.Kf1 Kf3 105.Rb3+ e3 106.Rb1 f4
107.Rc1 Kg3 108.Rc8 Rf2+ 109.Ke1 Rh2 110.Rg8+ Kf3 111.Rg1 Ra2 112.Rf1+ Ke4
113.Rh1 Ra1+ 114.Ke2 f3+  0-1

[Event "TCh-HUN 2010-11"]
[Site "Budapest HUN"]
[Date "2010.11.07"]
[Round "2"]
[White "Metaxasz,V"]
[Black "Havasi,J"]
[Result "1/2-1/2"]
[WhiteElo "2140"]
[BlackElo "2250"]

1.d4 Nf6 2.Nf3 g6 3.g3 Bg7 4.Bg2 O-O 5.c4 d6 6.O-O Na6 7.Nc3 c5 8.d5 Nc7
9.a4 b6 10.e4 Rb8 11.Re1 Nd7 12.Bf4 f6 13.Qd2 Re8 14.h3 a6 15.Bf1 g5 16.Be3 Nf8
17.Rab1 Ng6 18.b4 Bd7 19.b5 axb5 20.axb5 Qc8 21.Kh2 g4 22.hxg4 Bxg4 23.Bg2 Rd8
24.Kg1 Ne8 25.Ra1 Ra8 26.Ra4 Rxa4 27.Nxa4 Qc7 28.Ra1 Ra8 29.Ra2 e5 30.dxe6 Bxe6
31.Nc3 Rxa2 32.Qxa2 Qb8 33.Nd5 Nc7 34.Bf4 Nxd5 35.exd5 Nxf4 36.gxf4 Bd7 37.Nd2 Bh6
38.Ne4 Bg7 39.Qa1 Kf7 40.Bf3 Bf5 41.Ng3 Bd7 42.Bh5+ Kf8 43.Qb1 Kg8 44.Qe4 Qd8
45.Nf5 Bxf5 46.Qxf5 Bh6 47.Qe6+ Kh8 48.f5 Bf4 49.Be8 Bh6 50.Kg2 Bg7 51.Kf3 Bf8  1/2-1/2

[Event "TCh-NOR Attack-serien 2010-11"]
[Site "Oslo NOR"]
[Date "2010.11.07"]
[Round "3"]
[White "Urkedal,F"]
[Black "Gullaksen,E"]
[Result "1/2-1/2"]
[WhiteElo "2438"]
[BlackElo "2364"]

1.d4 Nf6 2.c4 g6 3.Nf3 Bg7 4.g3 O-O 5.Bg2 d6 6.O-O c6 7.Nc3 Qb6 8.e4 Bg4
9.b3 Nfd7 10.Be3 c5 11.dxc5 Nxc5 12.Qd2 Qa5 13.Nd5 Qd8 14.Nd4 Nc6 15.Rac1 a5
16.h3 Be6 17.Nb5 Nb4 18.Ndc7 Rc8 19.Nxe6 fxe6 20.Rb1 Nc6 21.Rfd1 b6 22.h4 Qe8
23.Bh3 Qf7 24.Qe2 Kh8 25.a3 Ne5 26.Bf4 a4 27.bxa4 Nxa4 28.Rb4 Nc5 29.Kg2 Ra8
30.Be3 Rfc8 31.Nd4 Rxa3 32.Rxb6 Ra4 33.Rdb1 Nxc4 34.Rb8 Nxe3+ 35.Qxe3 Ra8
36.Rxc8+ Rxc8 37.Nf3 Qe8 38.Ng5 Qa4 39.Nxe6 Nxe6 40.Bxe6 Rf8 41.Bb3 Qd4 42.Qe2 Rb8
43.Ba2 Rxb1 44.Bxb1 Bf6 45.Ba2 Kg7 46.Qg4 Qe5 47.Bd5 h5 48.Qc8 Kh6 49.Qe8 Bg7
50.Qd7 Bf6 51.Qc8 Bg7 52.Qg8 Qf6 53.Qe8 Qe5 54.Qf7  1/2-1/2

[Event "ch-ISR"]
[Site "Haifa ISR"]
[Date "2010.11.08"]
[Round "1.7"]
[White "Kantsler,B"]
[Black "Rinberg,A"]
[Result "1-0"]
[WhiteElo "2440"]
[BlackElo "2302"]

1.d4 Nf6 2.c4 g6 3.g3 Bg7 4.Bg2 O-O 5.Nf3 d6 6.O-O Nbd7 7.Nc3 e5 8.e4 exd4
9.Nxd4 Re8 10.Re1 Nc5 11.h3 Bd7 12.Rb1 Qc8 13.Kh2 Re5 14.f4 Rh5 15.f5 gxf5
16.Nd5 Nxd5 17.exd5 f4 18.Qxh5 fxg3+ 19.Kh1 Bxd4 20.Be3 Bxe3 21.Rxe3 Bf5
22.Rbe1 Bg6 23.Qg5 Qf8 24.Qxg3 a5 25.b3 Rc8 26.Qg4 f5 27.Qf4 Qf6 28.Kh2 Rf8
29.R1e2 Qa1 30.Re7 Nd3 31.Qh6 Nc5 32.Rxh7 Bxh7 33.Re7 Qe5+ 34.Rxe5 dxe5 35.d6 c6
36.Qg5+ Kf7 37.Qe7+ Kg8 38.d7 Nxd7 39.Qxd7 e4 40.c5 Rf7 41.Qe8+ Kg7 42.Bf1  1-0

[Event "FSFMA November"]
[Site "Budapest HUN"]
[Date "2010.11.12"]
[Round "7"]
[White "Tessedik,K"]
[Black "Flaata,A"]
[Result "0-1"]
[WhiteElo "1993"]
[BlackElo "2078"]

1.d4 Nf6 2.Nf3 g6 3.g3 Bg7 4.Bg2 d6 5.c4 O-O 6.Nc3 Nbd7 7.O-O c5 8.e3 a6
9.a3 Rb8 10.b4 b5 11.cxb5 axb5 12.bxc5 dxc5 13.Rb1 b4 14.axb4 cxb4 15.Na4 Ba6
16.Re1 Qa5 17.Nd2 b3 18.Rxb3 Rxb3 19.Qxb3 Rb8 20.Qa3 Rb1 21.Qc3 Rb4 22.Nc5 Nxc5
23.Qxc5 Rb5 24.Qa3 e6 25.Qxa5 Rxa5 26.Nb3 Ra2 27.Nc5 Bc4 28.h3 Bf8 29.e4 Ra1
30.Bd2 Ra2 31.Be3 h5 32.Rc1 Be2 33.Rb1 h4 34.g4 Rc2 35.Rb8 Kg7 36.Rb7 Kg8
37.g5 Nh5 38.Nd7 Be7 39.e5 Bc4 40.Rc7 Bb3 41.Nc5 Kf8 42.Be4 Rb2 43.Bc1 Re2
44.Kf1 Bc4 45.Nxe6+ fxe6 46.Rxc4 Rxe4 47.f3 Ng3+  0-1

[Event "e2e4 Brighton Congress Open"]
[Site "Brighton ENG"]
[Date "2010.11.14"]
[Round "4"]
[White "Arkell,K"]
[Black "Ledger,D"]
[Result "1-0"]
[WhiteElo "2431"]
[BlackElo "2261"]

1.d4 Nf6 2.Nf3 g6 3.c4 Bg7 4.g3 O-O 5.Bg2 d6 6.O-O Nbd7 7.d5 Nb6 8.Nbd2 Nfd7
9.e4 a5 10.Rb1 Nc5 11.Qe2 Nba4 12.Qe3 e6 13.dxe6 Nxe6 14.b3 Nac5 15.Bb2 Re8
16.Bxg7 Nxg7 17.Qh6 Nge6 18.Rfe1 Nd3 19.Re2 Qf6 20.Qe3 Nec5 21.Qd4 Qe7 22.a3 Ne5
23.b4 axb4 24.axb4 Nc6 25.Qc3 Na4 26.Qc2 Qf6 27.Re3 Bd7 28.Ra3 Nd4 29.Nxd4 Qxd4
30.Qd3 Qxd3 31.Rxd3 Nb6 32.c5 Bb5 33.Rd4 Nc8 34.f4 Ra4 35.Rc1 dxc5 36.Rxc5 c6
37.Rc2 Kf8 38.e5 Ke7 39.Ne4 Rd8 40.Rxd8 Kxd8 41.Nc5 Rxb4 42.Rd2+ Ke8 43.Nxb7 Ba4
44.Nc5 Bb5 45.Ne4 Ke7 46.Nf6 Nb6 47.Nxh7 Nc4 48.Ra2 Ne3 49.Bf3 Ba4 50.Nf6 Ke6
51.Kf2 Nf5 52.Ne4 Bb5 53.Nc5+ Ke7 54.Bg4 Nd4 55.Ke3 Rc4 56.Ra7+ Ke8 57.Nb7 Nf5+
58.Bxf5 Rc3+ 59.Kd2  1-0

[Event "e2e4 Brighton Congress Open"]
[Site "Brighton ENG"]
[Date "2010.11.14"]
[Round "4"]
[White "Holland,J"]
[Black "Cohen,R"]
[Result "1/2-1/2"]
[WhiteElo "2079"]
[BlackElo "1935"]

1.d4 Nf6 2.c4 g6 3.Nf3 Bg7 4.g3 d6 5.Bg2 O-O 6.O-O c6 7.Nc3 Nbd7 8.e4 e5
9.h3 Re8 10.Be3 Qc7 11.Re1 Nf8 12.Qc2 Bd7 13.c5 Qc8 14.dxe5 dxe5 15.Kh2 Qc7
16.Nd2 Ne6 17.Ne2 Bf8 18.b4 Rad8 19.Nc4 Bc8 20.Qb2 Nd7 21.Rac1 f6 22.a4 Be7
23.a5 a6 24.h4 Ndf8 25.Nb6 Ng7 26.Nxc8 Qxc8 27.Bh3 Nfe6 28.Qb3 Kh8 29.Bh6 Bf8
30.Rcd1 Qc7 31.Rxd8 Nxd8 32.Rd1 Qf7 33.Bxg7+ Kxg7 34.Qd3 Ne6 35.Qd7 Re7 36.Qc8 f5
37.exf5 gxf5 38.Qb8 Kf6 39.f4 exf4 40.gxf4 Nxc5 41.Qd6+ Qe6 42.Ng3 Qxd6 43.Rxd6+ Ne6
44.Nxf5  1/2-1/2

[Event "1st Open"]
[Site "Brno CZE"]
[Date "2010.11.15"]
[Round "3"]
[White "Hantak,A"]
[Black "Bacak Ml.,P"]
[Result "1/2-1/2"]
[WhiteElo "2200"]
[BlackElo "2050"]

1.d4 Nf6 2.c4 g6 3.g3 Bg7 4.Bg2 d6 5.Nf3 O-O 6.O-O c5 7.d5 b5 8.cxb5 a6 9.bxa6 Bxa6
10.Nc3 Nbd7 11.Rb1 Rb8 12.Qc2 Ng4 13.Bd2 Rb6 14.Rfe1 Qa8 15.h3 Nge5 16.Nxe5 Nxe5
17.b3 Rfb8 18.Kh2 c4 19.Na4 cxb3 20.axb3 Rb5 21.Bc3 Qb7 22.b4 Nd7 23.Bd2 Rc8
24.Qa2 Nb6 25.Nxb6 Rxb6 26.Rec1 Ra8 27.Rc6 Bd4 28.Qc2 Bb5 29.Rc7 Qa6 30.Rc1 Bf6
31.Rc8+ Qxc8 32.Qxc8+ Rxc8 33.Rxc8+ Kg7 34.Bf3 Bb2 35.Kg2 Rb7 36.Bc1 Bd4
37.Bd2 Bb2 38.Rc2 Bd4 39.Rc1 Bb2 40.Rb1 Bd4 41.Kf1 Ra7 42.Be3 Bxe3 43.fxe3 Kf6
44.Ke1 Ke5 45.Kd2 Rb7 46.Kc3 Rc7+ 47.Kb2 Rc4 48.Kb3 Rc7 49.Rd1 Bc4+ 50.Kb2 Rb7
51.Rd4 Bb5 52.Re4+ Kf6 53.Rf4+ Kg7 54.h4 h6 55.Rd4 Kf6 56.Rf4+ Kg7 57.Kb3 g5
58.Rd4 Kf6 59.Rd2 Rc7 60.Be4 Bd7 61.Kb2 Ke5 62.Bf3 Rb7 63.Rd4 Bb5 64.Bh5 f5
65.Bf7 Bxe2 66.Be8 Bb5 67.Bh5 Rc7  1/2-1/2

[Event "ch-ISR"]
[Site "Haifa ISR"]
[Date "2010.11.16"]
[Round "7.6"]
[White "Kantsler,B"]
[Black "Zaltz,D"]
[Result "0-1"]
[WhiteElo "2440"]
[BlackElo "2316"]

1.d4 Nf6 2.c4 g6 3.Nf3 Bg7 4.g3 O-O 5.Bg2 d6 6.O-O c6 7.Nc3 Nbd7 8.e4 e5
9.h3 a6 10.d5 cxd5 11.cxd5 Ne8 12.Bg5 Bf6 13.Be3 b5 14.Qd2 Nb6 15.b3 Bd7
16.Rfc1 Qb8 17.Rc2 Bd8 18.Bh6 Ng7 19.Ne2 Nc8 20.Nc1 Bb6 21.Nd3 a5 22.Kh2 Ne7
23.Rac1 f6 24.Nh4 Qa7 25.Be3 Rfc8 26.Bxb6 Qxb6 27.f4 Rxc2 28.Rxc2 Rc8 29.Rxc8+ Nxc8
30.fxe5 dxe5 31.b4 axb4 32.Qxb4 Ne8 33.Nf3 Ned6 34.Nc5 Qc7 35.Nd2 Kf7 36.Ndb3 Ke8
37.Na5 Qb6 38.h4 Bg4 39.Nc6 Bd7 40.Bh3 Bxh3 41.Kxh3 Kf8 42.Kg2 Ke8 43.g4 Qc7
44.g5 f5 45.exf5 gxf5 46.Nxe5 Ne7  0-1

[Event "1st Open"]
[Site "Brno CZE"]
[Date "2010.11.17"]
[Round "5"]
[White "Vorobyov,Y"]
[Black "Bacak Ml.,P"]
[Result "1/2-1/2"]
[WhiteElo "2235"]
[BlackElo "2050"]

1.Nf3 Nf6 2.c4 g6 3.g3 Bg7 4.Bg2 d6 5.d4 O-O 6.O-O Nc6 7.d5 Na5 8.Bd2 c5
9.Nc3 a6 10.e4 Rb8 11.a4 e6 12.h3  1/2-1/2

[Event "TCh-NED"]
[Site "Netherlands NED"]
[Date "2010.11.20"]
[Round "3.9"]
[White "Besseling,M"]
[Black "Hachijan,A"]
[Result "0-1"]
[WhiteElo "2231"]
[BlackElo "2159"]

1.d4 Nf6 2.c4 g6 3.g3 Bg7 4.Bg2 O-O 5.Nf3 d6 6.O-O Nc6 7.Nc3 a6 8.e4 Bg4
9.Be3 Nd7 10.Qd2 Bxf3 11.Bxf3 e5 12.d5 Nd4 13.Bg2 c5 14.dxc6 bxc6 15.Bxd4 exd4
16.Ne2 c5 17.Nc1 Re8 18.Rb1 Rb8 19.Nd3 a5 20.b3 Qc7 21.Rfe1 Nf6 22.h3 Nd7
23.g4 Ne5 24.f4 Nxd3 25.Qxd3 d5 26.e5 dxc4 27.Qxc4 Rb4 28.Qd3 g5 29.fxg5 Rxe5
30.Rxe5 Qxe5 31.Qf5 c4 32.Rf1 Qxf5 33.gxf5 c3 34.Be4 Rb5 35.Rd1 Rc5 36.Kf1 Be5
37.Ke2 f6 38.gxf6 Kf7 39.Kd3 c2  0-1

[Event "Podgaets Memorial"]
[Site "Odessa UKR"]
[Date "2010.11.22"]
[Round "3"]
[White "Kozak,L"]
[Black "Golubev,M"]
[Result "0-1"]
[WhiteElo "2340"]
[BlackElo "2492"]

1.d4 Nf6 2.c4 g6 3.Nf3 Bg7 4.g3 O-O 5.Bg2 d6 6.O-O Nc6 7.Nc3 Bf5 8.Ne1 Qc8
9.e4 Bh3 10.Nc2 e5 11.d5 Ne7 12.Bxh3 Qxh3 13.f3 Nh5 14.Qe2 Qd7 15.Ne1 c5
16.Nd3 f5 17.Bd2 Rf7 18.g4 Nf6 19.Nf2 Raf8 20.Kg2 h6 21.h3 fxg4 22.fxg4 g5
23.Nh1 Ng6 24.Ng3 Nf4+ 25.Bxf4 exf4 26.Nf5 Re8 27.Rae1 Nh5 28.Nxh6+ Bxh6
29.gxh5 g4 30.hxg4 Rg7 31.Rg1 Re5 32.Kh1 Qe7 33.Ref1 Qf6 34.Rf2 Kh8 35.Qf3 Qh4+
36.Rh2 Qe7 37.Re2 Qh4+ 38.Rh2 Qe7 39.Rgg2 Rf7 40.Re2 Bg5 41.Nd1 Bh4 42.Nf2 Bg3
43.Nd3 Rg5 44.Rhg2 Qf6 45.e5 dxe5 46.Nxe5 Rxe5 47.Rxe5 Qxe5 48.Rxg3 Qe1+
49.Rg1 Qh4+ 50.Kg2 Rg7 51.Kf1 Re7 52.Qc3+ Kg8 53.h6 f3 54.h7+ Qxh7  0-1

[Event "60th ch-RUS w"]
[Site "Moscow RUS"]
[Date "2010.11.23"]
[Round "7"]
[White "Galliamova,A"]
[Black "Bodnaruk,A"]
[Result "1-0"]
[WhiteElo "2487"]
[BlackElo "2407"]

1.d4 Nf6 2.c4 g6 3.Nf3 Bg7 4.g3 O-O 5.Bg2 d6 6.O-O Nc6 7.Nc3 a6 8.Re1 Nd7
9.Rb1 e5 10.d5 Ne7 11.e4 h6 12.b4 f5 13.exf5 gxf5 14.Be3 Ng6 15.Qc2 Qf6 16.Rbd1 Qf7
17.c5 Nf6 18.Bc1 e4 19.Nd2 Ne5 20.Nb3 Qh5 21.Ne2 Nd3 22.Rxd3 exd3 23.Qxd3 Re8
24.Nbd4 f4 25.Bxf4 Bh3 26.Bxh3 Qxh3 27.Nf3 Qh5 28.Nc3 Rxe1+ 29.Nxe1 Ng4 30.Nf3 Re8
31.c6 Bxc3 32.Qxc3 Qxd5 33.cxb7 Qxb7 34.h3 Ne5 35.Bxe5 dxe5 36.Qc4+ Kg7 37.Qg4+ Kf6
38.Qh4+ Kg7 39.Qg4+ Kf6 40.Qh5 Qb5 41.Qxh6+ Ke7 42.h4 Kd7 43.Qh7+ Kd8 44.Qe4 c6
45.Ng5 Qd5 46.Qe2 e4 47.Qe3 Kc8 48.a4 Re7 49.a5 Re5 50.Kh2 Kd8 51.Qb6+ Ke7
52.Qxa6 e3 53.Qa7+ Ke8 54.fxe3 Rf5 55.Qd4 Rf2+ 56.Kh3 Qa2 57.Qe4+ Kd7 58.Kg4 Qe2+
59.Nf3 Rf1 60.h5 Rh1 61.a6 Qf1 62.a7 Qh3+ 63.Kf4 Qxh5 64.Ne5+ Kd6 65.Qxc6+ Ke7
66.Qd7+ Kf6 67.Ng4+ Kg6 68.Qe8+  1-0

[Event "TCh-SVK Extraliga 2010-11"]
[Site "Dunajov SVK"]
[Date "2010.11.28"]
[Round "2"]
[White "Palecek,P"]
[Black "Fedorko,S"]
[Result "1/2-1/2"]
[WhiteElo "2254"]
[BlackElo "2092"]

1.Nf3 Nf6 2.d4 g6 3.c4 Bg7 4.g3 O-O 5.Bg2 d6 6.O-O Nbd7 7.Nc3 c6 8.e4 e5
9.h3 Qe7 10.Re1 Rd8 11.Be3 Nh5 12.Rc1 Nf8 13.Kh2 Kh8 14.Qd2 Bd7 15.Rcd1 Nf6
16.dxe5 dxe5 17.Qd6 Qxd6 18.Rxd6 Ne8 19.Rdd1 b6 20.Bg5 f6 21.Bc1 Ne6 22.h4 c5
23.Nd5 Nd4 24.b3 Kg8 25.Nxd4 cxd4 26.f4 Bg4 27.Rd3 Nd6 28.Bh3 Bxh3 29.Kxh3 Rd7
30.fxe5 fxe5 31.Ba3 Rf8 32.Kg2 h5 33.Rdd1 Rff7 34.Bxd6  1/2-1/2